Project extranets (Record no. 73155)
[ view plain ]
| 000 -LEADER | |
|---|---|
| fixed length control field | 01254cam a2200205 4500 |
| 001 - CONTROL NUMBER | |
| control field | WB3930-15 |
| 008 - FIXED-LENGTH DATA ELEMENTS--GENERAL INFORMATION | |
| fixed length control field | 030804n2003 000 0 eng u |
| 035 ## - SYSTEM CONTROL NUMBER | |
| System control number | (Sirsi) u123181 |
| 245 ## - TITLE STATEMENT | |
| Title | Project extranets |
| 260 ## - PUBLICATION, DISTRIBUTION, ETC. | |
| Date of publication, distribution, etc. | 2003 |
| 490 ## - SERIES STATEMENT | |
| Series statement | RICS Quantity Surveying and Construction Faculty News |
| Volume/sequential designation | 15 July 2003 (1) |
| 520 ## - SUMMARY, ETC. | |
| Summary, etc. | The RICS Construction Faculty has published the findings of research into the potential of project extranets and e-procurement. "An introduction to project extranets and e-procurement" describes the features of 12 of the leading project extranet systems and "Project extranets and e-procurement: user perspective" reports on the experience of those who have worked on projects using extranets. "An introduction to project extranets" is available at www.rics.org/downloads/news/intro_project_extranet.pdf. "Project extranets" is available at www.rics.org/downloads/news/project_extranets.pdf. www.rics.org/ricscms/bin/show?class=News&template=/includes/shownews.html&id=6447 |
| 590 ## - LOCAL NOTE (RLIN) | |
| Local note | WB |
| 650 ## - SUBJECT ADDED ENTRY--TOPICAL TERM | |
| Topical term or geographic name entry element | PROJECT EXTRANETS |
| 650 ## - SUBJECT ADDED ENTRY--TOPICAL TERM | |
| Topical term or geographic name entry element | Procurement |
| 9 (RLIN) | 6260 |
| 650 ## - SUBJECT ADDED ENTRY--TOPICAL TERM | |
| Topical term or geographic name entry element | MANAGEMENT-PROJECT MANAGEMENT |
| 650 ## - SUBJECT ADDED ENTRY--TOPICAL TERM | |
| Topical term or geographic name entry element | CONSTRUCTION INDUSTRY |
| 690 ## - LOCAL SUBJECT ADDED ENTRY--TOPICAL TERM (OCLC, RLIN) | |
| Topical term or geographic name as entry element | MANAGEMENT-BUSINESS MANAGEMENT-INFORMATION MANAGEMENT |
| 942 ## - ADDED ENTRY ELEMENTS (KOHA) | |
| Suppress in OPAC | 0 |
| Withdrawn status | Lost status | Source of classification or shelving scheme | Damaged status | Not for loan | Home library | Current library | Shelving location | Date acquired | Total Checkouts | Full call number | Barcode | Date last seen | Copy number | Price effective from | Koha item type |
|---|---|---|---|---|---|---|---|---|---|---|---|---|---|---|---|
| Dewey Decimal Classification | London | London | News article | 08/08/2003 | WB3930-15 | 123181-1001 | 06/08/2019 | 1 | 06/08/2019 | News article |